Squadra dell'anno AIC 2021 - Statistics

Statistiche generali
  • Questo quiz è stato fatto 15 volte
  • Il punteggio medio è 10 su 11
Statistiche sulle risposte
Ruolo Nazione Squadra Calciatore % Corretto
Attaccante Portogallo Juventus Cristiano Ronaldo
100%
Portiere Italia Milan Gianluigi Donnarumma
100%
Difensore Marocco Inter Achraf Hakimi
93%
Centrocampista Italia Inter Nicolò Barella
93%
Attaccante Belgio Inter Romelu Lukaku
93%
Difensore Paesi Bassi Inter Stefan de Vrij
93%
Difensore Italia Inter Alessandro Bastoni
87%
Difensore Francia Milan Theo Hernández
87%
Centrocampista Costa d'Avorio Milan Franck Kessié
80%
Attaccante Colombia Atalanta Luis Muriel
80%
Centrocampista Italia Juventus Federico Chiesa
60%
Nessun quiz corrispondente trovato
Distribuzione punteggi
Percentuale di utenti per punteggio
Percentile per numero di risposta
I tuoi punteggi nel tempo
Non hai fatto questo quiz